00679nam a2200217Ia 4500008004100000020001600041050000900057050001400066245003900080245003800119260001500157260002300172260000900195300001600204300004100220300001100261650002200272650003300294999001900327952011500346170203s9999 xx 000 0 und d a0 755435060 a0 30 bM995 2004 aMy first book on the human body :  ba visual guide to human anatomy / aEngland :  bGrandreams Books,  c2004 a45 pages :  bcolor illustrations, color portraits c30 cm. aHuman anatomy --  xStudy and teaching (Primary) c305605d305605 001040aSSISBbSSISBc REFd2017-02-03l0oRef. 030 .M995 2004pLS- 2402r2017-02-03 00:00:00w2017-02-03yBK